000 00506nam a2200217Ia 4500
003 OSt
005 20220912144002.0
006 a|||||r|||| 00| 0
007 ta
008 220909b |||||||| |||| 00| 0 eng d
024 _a200856
037 _cTextbook
040 _beng
041 _aeng
082 _aD66, k6;20
100 _aKuo franklin f
245 0 _aNetwork analysis and synthesis
300 _ap.
_ccm
942 _hD66, k6;20
_cTB
_2CC
999 _c78
_d78